[Event "CZE-chT2A 1516"]
[Site "Czech Republic"]
[Date "2016.02.07"]
[Round "7.7"]
[White "Cedikova, Katerina"]
[Black "Wasserbauer, Radek"]
[Result "1/2-1/2"]
[WhiteElo "2208"]
[BlackElo "2101"]
[PlyCount "62"]
[EventDate "2015.10.18"]
[EventType "team-tourn"]
[EventRounds "11"]
[EventCountry "CZE"]
[SourceTitle "EXT 2022"]
[Source "ChessBase"]
[SourceDate "2021.10.06"]
[SourceVersion "1"]
[SourceVersionDate "2021.10.06"]
[SourceQuality "1"]
[WhiteTeam "Klatovy"]
[BlackTeam "Kladno"]
[WhiteTeamCountry "CZE"]
[BlackTeamCountry "CZE"]

1. d4 d6 2. c4 Nd7 3. Nc3 c6 4. e4 e5 5. Nf3 Be7 6. Be2 Ngf6 7. 0-0 0-0 8. h3 a6 9. Be3 Re8 10. Qc2 Bf8 11. Rad1 Qc7 12. Rd2 b6 13. Rfd1 Bb7 14. dxe5 dxe5 15. Nh4 g6 16. Bg4 Nc5 17. b4 Ne6 18. Bxe6 Rxe6 19. c5 b5 20. Bg5 Rae8 21. Nf5 Bc8 22. Nd6 R8e7 23. h4 Bb7 24. a3 h6 25. Be3 Ng4 26. Nxb7 Qxb7 27. Qd3 Kg7 28. f3 Nxe3 29. Qxe3 Rc7 30. h5 Be7 31. Rd3 a5 1/2-1/2

[Event "Landesliga Nord 1112"]
[Site "Bayern"]
[Date "2012.02.26"]
[Round "7.4"]
[White "Cedikova, Katerina"]
[Black "Zuehlke, Burkhard"]
[Result "1-0"]
[WhiteElo "2144"]
[BlackElo "2033"]
[PlyCount "185"]
[EventDate "2011.10.02"]
[EventType "team-tourn"]
[EventRounds "9"]
[EventCountry "GER"]
[SourceTitle "EXT 2015"]
[Source "ChessBase"]
[SourceDate "2014.11.20"]
[SourceVersion "1"]
[SourceVersionDate "2014.11.20"]
[SourceQuality "1"]
[WhiteTeam "Bad Koetzting"]
[BlackTeam "Zirndorf"]
[WhiteTeamCountry "GER"]
[BlackTeamCountry "GER"]

1. d4 Nf6 2. c4 g6 3. Nc3 Bg7 4. e4 d6 5. f3 0-0 6. Bd3 a6 7. Qd2 Nbd7 8. Nge2 c5 9. d5 Ne5 10. Ng3 b5 11. cxb5 Qa5 12. Be2 axb5 13. Nxb5 Bd7 14. Qxa5 Rxa5 15. Nc3 Rb8 16. Rb1 Ne8 17. 0-0 f5 18. exf5 gxf5 19. Nh5 Bh8 20. Bg5 Ng6 21. Bd2 Nc7 22. f4 Bd4+ 23. Kh1 Ra7 24. Bc4 Kf7 25. h3 Nb5 26. Ne2 Bh8 27. Rfe1 Rab7 28. Bd3 c4 29. Bc2 Nc7 30. b3 cxb3 31. Bxb3 Ba4 32. Ba5 Na6 33. Neg3 Bxb3 34. Rxb3 Rxb3 35. axb3 Rxb3 36. Nxf5 Rb5 37. Nh6+ Ke8 38. f5 Ne5 39. Bc3 Rxd5 40. g4 Rd3 41. Bxe5 Bxe5 42. Kg2 Kd7 43. g5 Bc3 44. Re2 Nc7 45. f6 Rd2 46. Rxd2 Bxd2 47. f7 Ne6 48. h4 Nf8 49. Kf3 Ng6 50. Kg4 Ke6 51. Ng7+ Kd7 52. h5 Nf8 53. Ng8 Bc3 54. Nf5 e6 55. Nh4 Bg7 56. g6 hxg6 57. Nxg6 Nxg6 58. hxg6 d5 59. Nf6+ Ke7 60. Nh5 Kf8 61. Kf4 e5+ 62. Kf5 e4 63. Nf4 e3 64. Ne6+ Ke7 65. Nxg7 e2 66. Ne6 e1Q 67. f8Q+ Kd7 68. Qd8+ Kc6 69. Qc7+ Kb5 70. Qc5+ Ka4 71. Qd4+ Ka3 72. Qxd5 Qf2+ 73. Kg5 Qe3+ 74. Kf6 Qf2+ 75. Ke7 Qh4+ 76. Kd7 Qa4+ 77. Qc6 Qa7+ 78. Nc7 Qf2 79. Qd6+ Ka2 80. g7 Qf7+ 81. Qe7 Qf2 82. g8Q+ Kb1 83. Qg6+ Kb2 84. Qef6+ Qxf6 85. Qxf6+ Kc2 86. Qd4 Kb1 87. Qc3 Ka2 88. Qb4 Ka1 89. Kd6 Ka2 90. Kc5 Ka1 91. Kc4 Ka2 92. Kc3 Ka1 93. Qb2# 1-0

[Event "Landesliga Nord 1011"]
[Site "Bayern"]
[Date "2011.02.27"]
[Round "7.4"]
[White "Krug, Stefan"]
[Black "Cedikova, Katerina"]
[Result "0-1"]
[WhiteElo "2123"]
[BlackElo "2144"]
[PlyCount "82"]
[EventDate "2010.10.10"]
[EventType "team-tourn"]
[EventRounds "9"]
[EventCountry "GER"]
[SourceTitle "EXT 2012"]
[Source "ChessBase"]
[SourceDate "2011.11.24"]
[SourceVersion "1"]
[SourceVersionDate "2011.11.24"]
[SourceQuality "1"]
[WhiteTeam "Bamberg"]
[BlackTeam "Koetzting"]
[WhiteTeamCountry "GER"]
[BlackTeamCountry "GER"]

1. e4 c5 2. c3 Nf6 3. e5 Nd5 4. d4 cxd4 5. Nf3 e6 6. cxd4 Nc6 7. a3 d6 8. Bd3 dxe5 9. dxe5 Qc7 10. 0-0 Be7 11. Qe2 0-0 12. Nc3 Nxc3 13. bxc3 Rd8 14. Qe4 g6 15. Bh6 b6 16. Rad1 Bb7 17. Qf4 Rd7 18. Bb1 Rad8 19. Rxd7 Rxd7 20. h4 Qd8 21. Kh2 Bxa3 22. Bg5 Qc7 23. Bf6 Na5 24. h5 Qc4 25. Qxc4 Nxc4 26. hxg6 hxg6 27. Kg3 Bf8 28. Rh1 Bg7 29. Bxg7 Kxg7 30. Kf4 Bxf3 31. gxf3 b5 32. Be4 Rc7 33. Rb1 Rc5 34. Ra1 a5 35. Bd3 a4 36. Ke4 Rxe5+ 37. Kd4 Rd5+ 38. Ke4 Ne5 39. Bf1 Nd7 40. c4 Nc5+ 41. Kf4 bxc4 0-1

[Event "Landesliga Nord 0910"]
[Site "Bayern"]
[Date "2010.03.21"]
[Round "8.2"]
[White "Cedikova, Katerina"]
[Black "Kannenberg, Karl Heinz"]
[Result "0-1"]
[WhiteElo "2151"]
[BlackElo "2138"]
[PlyCount "72"]
[EventDate "2009.10.18"]
[EventType "team-tourn"]
[EventRounds "9"]
[EventCountry "GER"]
[SourceTitle "EXT 2011"]
[Source "ChessBase"]
[SourceDate "2010.11.26"]
[SourceVersion "1"]
[SourceVersionDate "2010.11.26"]
[SourceQuality "1"]
[WhiteTeam "Koetzting"]
[BlackTeam "Kitzingen"]
[WhiteTeamCountry "GER"]
[BlackTeamCountry "GER"]

1. d4 d5 2. c4 c6 3. Nf3 e6 4. Nc3 f5 5. g3 Nf6 6. Bg2 Bd6 7. 0-0 Nbd7 8. Bf4 Bxf4 9. gxf4 0-0 10. e3 Ne4 11. Nxe4 fxe4 12. Ne5 Nxe5 13. fxe5 Bd7 14. Qg4 Qe7 15. f4 exf3 16. Rxf3 Rxf3 17. Bxf3 Rf8 18. Rf1 Rf5 19. Bg2 dxc4 20. e4 Rxf1+ 21. Bxf1 b5 22. a3 a5 23. Bh3 b4 24. axb4 axb4 25. Qf4 c3 26. bxc3 bxc3 27. Qe3 Qb4 28. d5 c2 29. dxe6 Qb1+ 30. Kg2 c1Q 31. exd7 Qh1+ 32. Kg3 Qbe1+ 33. Kg4 Qhg1+ 34. Qg3 Qd1+ 35. Kh4 Qxg3+ 36. hxg3 Kf8 0-1

[Event "Landesliga Nord 0910"]
[Site "Bayern"]
[Date "2010.02.28"]
[Round "7.3"]
[White "Eiber, Manfred"]
[Black "Cedikova, Katerina"]
[Result "0-1"]
[WhiteElo "2085"]
[BlackElo "2151"]
[PlyCount "66"]
[EventDate "2009.10.18"]
[EventType "team-tourn"]
[EventRounds "9"]
[EventCountry "GER"]
[SourceTitle "EXT 2011"]
[Source "ChessBase"]
[SourceDate "2010.11.26"]
[SourceVersion "1"]
[SourceVersionDate "2010.11.26"]
[SourceQuality "1"]
[WhiteTeam "Nuernberg Sued SW"]
[BlackTeam "Koetzting"]
[WhiteTeamCountry "GER"]
[BlackTeamCountry "GER"]

1. d4 Nf6 2. Nf3 g6 3. Nc3 Bg7 4. e4 d6 5. h3 0-0 6. Be2 a6 7. a4 b6 8. Be3 Bb7 9. Nd2 c5 10. d5 e6 11. Bf3 exd5 12. exd5 b5 13. axb5 axb5 14. Rxa8 Bxa8 15. Qa1 Nbd7 16. Nxb5 Nxd5 17. 0-0 Nxe3 18. fxe3 d5 19. Qa3 Qb8 20. Nc3 Qe5 21. Nd1 Qd6 22. c4 Ne5 23. cxd5 Nxf3+ 24. Nxf3 Bxd5 25. Nc3 Ra8 26. Nb5 Qc6 27. Na7 Qb7 28. Qxc5 Bxf3 29. Rxf3 Rxa7 30. b4 Ra1+ 31. Kh2 Qb8+ 32. g3 Qd8 33. e4 Qd1 0-1

[Event "Landesliga Nord 0910"]
[Site "Bayern"]
[Date "2010.02.07"]
[Round "6.1"]
[White "Cedikova, Katerina"]
[Black "Goehring, Karl Heinz"]
[Result "1/2-1/2"]
[WhiteElo "2151"]
[BlackElo "2305"]
[PlyCount "105"]
[EventDate "2009.10.18"]
[EventType "team-tourn"]
[EventRounds "9"]
[EventCountry "GER"]
[SourceTitle "EXT 2011"]
[Source "ChessBase"]
[SourceDate "2010.11.26"]
[SourceVersion "1"]
[SourceVersionDate "2010.11.26"]
[SourceQuality "1"]
[WhiteTeam "Koetzting"]
[BlackTeam "Bamberg"]
[WhiteTeamCountry "GER"]
[BlackTeamCountry "GER"]

1. d4 Nf6 2. c4 e6 3. Nf3 b6 4. g3 Ba6 5. Qa4 c5 6. Bg2 Bb7 7. dxc5 Bxc5 8. 0-0 0-0 9. Nc3 Qc8 10. Bg5 Be7 11. Rac1 Na6 12. Rfd1 Rd8 13. h4 Nc5 14. Qc2 Nce4 15. Nxe4 Bxe4 16. Qb3 Qb7 17. Ne1 h6 18. Bf4 Rac8 19. Bxe4 Qxe4 20. Qd3 Qxd3 21. Nxd3 d5 22. cxd5 Nxd5 23. Rxc8 Rxc8 24. Rc1 Rxc1+ 25. Bxc1 h5 26. Kg2 Kf8 27. e4 Nb4 28. Nxb4 Bxb4 29. Be3 Ke7 30. Kf3 Bd6 31. Bd4 g6 32. e5 Bc7 33. Ke4 a6 34. f3 b5 35. Kf4 f5 36. Ke3 Kd7 37. f4 Kc6 38. Kd3 Kd5 39. b3 Ba5 40. Bf2 Bb4 41. Ke2 Ke4 42. Bb6 Bc3 43. Bc5 Bd4 44. Bb4 Bg1 45. Ba5 Be3 46. Bb4 Bb6 47. Ba3 a5 48. Bd6 Kd4 49. Kd2 a4 50. Bb4 axb3 51. axb3 Ke4 52. Ke2 Be3 53. Ba5 1/2-1/2

[Event "CZE-chT2A 0910"]
[Site "Czech Republic"]
[Date "2010.01.17"]
[Round "5.1"]
[White "Michalek, Jan"]
[Black "Cedikova, Katerina"]
[Result "1/2-1/2"]
[WhiteElo "2335"]
[BlackElo "2214"]
[PlyCount "105"]
[EventDate "2009.10.18"]
[EventType "team-tourn"]
[EventRounds "11"]
[EventCountry "CZE"]
[SourceTitle "EXT 2012"]
[Source "ChessBase"]
[SourceDate "2011.11.24"]
[SourceVersion "1"]
[SourceVersionDate "2011.11.24"]
[SourceQuality "1"]
[WhiteTeam "Kozolupy"]
[BlackTeam "Klatovy"]
[WhiteTeamCountry "CSR"]
[BlackTeamCountry "CZE"]

1. e4 c5 2. Nf3 d6 3. Bb5+ Nd7 4. d4 cxd4 5. Qxd4 e5 6. Qd3 Be7 7. 0-0 Ngf6 8. Bg5 0-0 9. Bxf6 Nxf6 10. Nc3 Be6 11. Bc4 Qc8 12. Bxe6 fxe6 13. Rad1 Nh5 14. g3 Qc5 15. Nd2 Rac8 16. Qe2 Nf6 17. Nb3 Qb6 18. Kg2 h5 19. f3 g6 20. Qf2 Qa6 21. Qe3 Kg7 22. Rf2 Nh7 23. h4 Rf7 24. a4 Rc6 25. Qd3 Qb6 26. a5 Qd8 27. Qb5 Qc8 28. Qd3 Nf6 29. Nb5 Qb8 30. c4 a6 31. Nc3 Qf8 32. Rff1 Ng8 33. Ne2 Nh6 34. Qc3 Bf6 35. Qb4 Qc8 36. c5 dxc5 37. Qc4 Rfc7 38. Rc1 Nf7 39. Nc3 Nd6 40. Qe2 b5 41. axb6 Rxb6 42. Na5 Rb4 43. Rf2 Nb5 44. Nc4 Nd4 45. Qf1 Qd8 46. Ra1 Bxh4 47. gxh4 Qxh4 48. Nd6 Rc6 49. Rxa6 Rxa6 50. Qxa6 Qg5+ 51. Kf1 Qc1+ 52. Kg2 Qg5+ 53. Kf1 1/2-1/2

[Event "Landesliga Nord 0910"]
[Site "Bayern"]
[Date "2009.11.29"]
[Round "3.2"]
[White "Cedikova, Katerina"]
[Black "Giessmann, Stephan"]
[Result "1/2-1/2"]
[WhiteElo "2151"]
[BlackElo "2161"]
[PlyCount "90"]
[EventDate "2009.10.18"]
[EventType "team-tourn"]
[EventRounds "9"]
[EventCountry "GER"]
[SourceTitle "EXT 2011"]
[Source "ChessBase"]
[SourceDate "2010.11.26"]
[SourceVersion "1"]
[SourceVersionDate "2010.11.26"]
[SourceQuality "1"]
[WhiteTeam "Koetzting"]
[BlackTeam "Kelheim"]
[WhiteTeamCountry "GER"]
[BlackTeamCountry "GER"]

1. d4 d5 2. c4 e6 3. Nc3 Nf6 4. Nf3 Be7 5. cxd5 exd5 6. Bf4 c6 7. e3 Bf5 8. h3 Qb6 9. Qc1 Nbd7 10. Be2 h6 11. g4 Bh7 12. Kf1 Ne4 13. Ne5 Bg5 14. Nxd7 Kxd7 15. Bxg5 hxg5 16. Kg2 Rae8 17. a4 a5 18. Nxe4 Bxe4+ 19. f3 Bg6 20. Ra3 Re6 21. Qc3 Rhe8 22. Rb3 Qc7 23. Qd2 f5 24. Bd3 f4 25. Bxg6 Rxg6 26. Rd1 Rge6 27. e4 dxe4 28. d5 exf3+ 29. Kxf3 Re3+ 30. Rxe3 Rxe3+ 31. Kf2 c5 32. d6 Qc6 33. Qd5 Qxd5 34. Rxd5 b6 35. Rxg5 Rxh3 36. Rxg7+ Kxd6 37. Rg6+ Kc7 38. Rg7+ Kd8 39. Rf7 Rb3 40. Rxf4 Rxb2+ 41. Kf3 Rb4 42. Rf6 Ke7 43. g5 Rb1 44. Ke4 Rb4+ 45. Ke5 Rxa4 1/2-1/2

[Event "Landesliga Nord 0910"]
[Site "Bayern"]
[Date "2009.11.15"]
[Round "2.2"]
[White "Kuhn, Tobias"]
[Black "Cedikova, Katerina"]
[Result "0-1"]
[WhiteElo "2161"]
[BlackElo "2151"]
[PlyCount "80"]
[EventDate "2009.10.18"]
[EventType "team-tourn"]
[EventRounds "9"]
[EventCountry "GER"]
[SourceTitle "EXT 2011"]
[Source "ChessBase"]
[SourceDate "2010.11.26"]
[SourceVersion "1"]
[SourceVersionDate "2010.11.26"]
[SourceQuality "1"]
[WhiteTeam "Klingenberg"]
[BlackTeam "Koetzting"]
[WhiteTeamCountry "GER"]
[BlackTeamCountry "GER"]

1. e4 c5 2. Nf3 d6 3. d4 cxd4 4. Nxd4 Nf6 5. Nc3 g6 6. Be3 Bg7 7. f3 0-0 8. Qd2 Nc6 9. 0-0-0 Nxd4 10. Bxd4 Be6 11. Kb1 Qc7 12. h4 Rfc8 13. h5 Qa5 14. hxg6 hxg6 15. Bxf6 Rxc3 16. Qxc3 Qxa2+ 17. Kc1 Bxf6 18. Qa3 Bg5+ 19. Rd2 Qxa3 20. bxa3 Rc8 21. Kd1 Bxd2 22. Kxd2 Kg7 23. Bd3 Kf6 24. f4 Rc5 25. g3 Ra5 26. Ra1 Bg4 27. Be2 Bxe2 28. Kxe2 Ra4 29. Kd3 e5 30. c3 Ke6 31. Ra2 f5 32. exf5+ gxf5 33. c4 e4+ 34. Kc3 d5 35. cxd5+ Kxd5 36. Rd2+ Kc5 37. Kb3 Rd4 38. Rc2+ Kd6 39. Rc3 b5 40. Kc2 Rc4 0-1

[Event "EU-ch (Women) 10th"]
[Site "St Petersburg"]
[Date "2009.03.18"]
[Round "10"]
[White "Berzina, Ilze"]
[Black "Cedikova, Katerina"]
[Result "1/2-1/2"]
[WhiteElo "2308"]
[BlackElo "2150"]
[PlyCount "250"]
[EventDate "2009.03.08"]
[EventType "swiss"]
[EventRounds "11"]
[EventCountry "RUS"]
[SourceTitle "CBM 129 Extra"]
[Source "ChessBase"]
[SourceDate "2009.05.05"]
[SourceVersion "2"]
[SourceVersionDate "2009.05.20"]
[SourceQuality "1"]

1. e4 g6 2. d4 d6 3. f4 Bg7 4. Nf3 Nf6 5. Nc3 0-0 6. Bd3 Na6 7. 0-0 c5 8. d5 Rb8 9. e5 dxe5 10. Bxa6 bxa6 11. fxe5 Ng4 12. Qe2 Qc7 13. Bf4 Rxb2 14. h3 Nh6 15. Rab1 Rxb1 16. Rxb1 Nf5 17. Qc4 h5 18. Ne4 Qa5 19. Qxc5 Qa4 20. Qb4 Qxc2 21. Nc3 Nh6 22. Nd4 Qd3 23. Rd1 a5 24. Qc5 Qa6 25. Nc6 Bb7 26. Nxe7+ Kh7 27. Ne4 Qe2 28. Qd4 Re8 29. Bxh6 Kxh6 30. Nf6 Rxe7 31. Ng8+ Kh7 32. Nxe7 Bxe5 33. Qd3 Qxa2 34. Rf1 Kg7 35. Qf3 f5 36. Nc6 Bf6 37. Rd1 Qc2 38. Kh1 a4 39. Re1 a3 40. Qxa3 Bxc6 41. dxc6 Qxc6 42. Qxa7+ Kh6 43. Qe3+ Kh7 44. Qf4 Qb6 45. Rd1 Bg7 46. Qg3 Qb2 47. Re1 Qf6 48. Qf4 Kg8 49. h4 Kh7 50. Kh2 Kg8 51. Qc4+ Kh7 52. Re6 Qd8 53. Qf4 Qd7 54. Qe3 Qc7+ 55. Kh3 Qf7 56. Ra6 Qd7 57. Ra7 Qd5 58. Qc3 Qg8 59. Qf6 Qb3+ 60. g3 Qg8 61. Re7 Kh6 62. Qg5+ Kh7 63. Qf6 Kh6 64. Qf7 Qxf7 65. Rxf7 Be5 66. Kg2 Bd6 67. Kf3 Be5 68. Rb7 Bd6 69. Rd7 Be5 70. Kf2 Bb8 71. Rd3 Be5 72. Ke2 f4 73. Rd5 Bc7 74. Rd7 Be5 75. gxf4 Bxf4 76. Kf3 Be5 77. Rf7 Bd6 78. Rd7 Be5 79. Re7 Bf6 80. Re4 g5 81. hxg5+ Kxg5 82. Kg3 Kf5 83. Ra4 h4+ 84. Kh3 Be7 85. Ra5+ Ke6 86. Kg4 Bd8 87. Rh5 Kd6 88. Kf4 Kc6 89. Ke4 Bb6 90. Rxh4 Kb7 91. Kd5 Ka8 92. Kc6 Ba7 93. Rh7 Bb8 94. Rb7 Bf4 95. Rf7 Bg3 96. Rf8+ Bb8 97. Kd7 Kb7 98. Rf3 Be5 99. Rb3+ Ka8 100. Kc8 Ka7 101. Re3 Bf4 102. Re7+ Kb6 103. Kd7 Bg3 104. Re4 Kc5 105. Rg4 Bf2 106. Rg5+ Kd4 107. Ke6 Ke4 108. Rg4+ Kf3 109. Kf5 Be3 110. Rb4 Bc5 111. Rb3+ Kg2 112. Kg4 Bd6 113. Rb2+ Kg1 114. Kf3 Be5 115. Rg2+ Kh1 116. Rg4 Bc7 117. Rc4 Bb8 118. Rc6 Be5 119. Rb6 Bc7 120. Rh6+ Kg1 121. Rg6+ Kh2 122. Rg2+ Kh1 123. Kf2 Bb6+ 124. Kf1 Bc7 125. Rg7 Bd6 1/2-1/2

[Event "EU-ch (Women) 10th"]
[Site "St Petersburg"]
[Date "2009.03.16"]
[Round "8"]
[White "De Seroux, Camille"]
[Black "Cedikova, Katerina"]
[Result "0-1"]
[WhiteElo "1928"]
[BlackElo "2150"]
[PlyCount "48"]
[EventDate "2009.03.08"]
[EventType "swiss"]
[EventRounds "11"]
[EventCountry "RUS"]
[SourceTitle "CBM 129 Extra"]
[Source "ChessBase"]
[SourceDate "2009.05.05"]
[SourceVersion "2"]
[SourceVersionDate "2009.05.20"]
[SourceQuality "1"]

1. e4 g6 2. d4 d6 3. Nc3 Nf6 4. Bg5 Bg7 5. Qd2 Nbd7 6. f4 c6 7. d5 0-0 8. Nf3 Rb8 9. 0-0-0 b5 10. Re1 b4 11. Nd1 Qa5 12. Kb1 Nb6 13. Re3 Na4 14. e5 Ne4 15. Rxe4 Nc3+ 16. Nxc3 bxc3 17. Qc1 f6 18. b3 fxg5 19. Nxg5 Bf5 20. Re1 Rb4 21. exd6 exd6 22. Ne6 Rfb8 23. Ka1 Rxb3 24. cxb3 c2+ 0-1

[Event "EU-ch (Women) 10th"]
[Site "St Petersburg"]
[Date "2009.03.14"]
[Round "7"]
[White "Zizlova, Sofia"]
[Black "Cedikova, Katerina"]
[Result "1-0"]
[WhiteElo "2020"]
[BlackElo "2150"]
[PlyCount "127"]
[EventDate "2009.03.08"]
[EventType "swiss"]
[EventRounds "11"]
[EventCountry "RUS"]
[SourceTitle "CBM 129 Extra"]
[Source "ChessBase"]
[SourceDate "2009.05.05"]
[SourceVersion "2"]
[SourceVersionDate "2009.05.20"]
[SourceQuality "1"]

1. e4 g6 2. d4 Bg7 3. Nc3 d6 4. Be3 a6 5. Nf3 Nd7 6. Bc4 e6 7. a4 b6 8. Qd2 h6 9. h3 Ne7 10. 0-0 Bb7 11. Bd3 d5 12. exd5 Nxd5 13. Nxd5 Bxd5 14. Qe2 0-0 15. Nd2 a5 16. Be4 Nf6 17. Bxd5 exd5 18. Nf3 Re8 19. Qd3 Qd6 20. Qa3 Qc6 21. Qd3 Ne4 22. Bf4 Re6 23. Ne5 Qb7 24. Ng4 Kh7 25. Be5 f6 26. Bf4 Rf8 27. f3 Nd6 28. Bxd6 Rxd6 29. f4 h5 30. Nh2 Qc8 31. f5 g5 32. Qe2 Qe8 33. Rae1 Qf7 34. Rf3 Rfd8 35. Re3 Bf8 36. Nf1 R6d7 37. Ng3 Kh6 38. Re6 Rd6 39. c3 h4 40. Nf1 Kg7 41. Nh2 Rxe6 42. fxe6 Qe7 43. Qg4 Kg8 44. Qf5 Bg7 45. Ng4 Rd6 46. Re2 c6 47. Qg6 Rxe6 48. Nh6+ Kf8 49. Nf5 Rxe2 50. Nxe7 Rxe7 51. Qf5 Re2 52. Qc8+ Kf7 53. Qc7+ Kg6 54. Qxb6 Bh6 55. Kf1 Rc2 56. Qxc6 Rxb2 57. Qxd5 g4 58. hxg4 Bg5 59. Qxa5 Rb1+ 60. Ke2 Rb2+ 61. Kf3 Rd2 62. Qf5+ Kh6 63. a5 Rd1 64. a6 1-0

[Event "CZE-ch fin (Women)"]
[Site "Decin"]
[Date "2009.02.17"]
[Round "1.2"]
[White "Cedikova, Katerina"]
[Black "Kulovana, Eva"]
[Result "0-1"]
[WhiteElo "2150"]
[BlackElo "2295"]
[PlyCount "84"]
[EventDate "2009.02.14"]
[EventType "k.o."]
[EventRounds "2"]
[EventCountry "CZE"]
[SourceTitle "CBM 128 Extra"]
[Source "ChessBase"]
[SourceDate "2009.03.05"]
[SourceVersion "2"]
[SourceVersionDate "2009.03.25"]
[SourceQuality "1"]

1. d4 d5 2. c4 e6 3. Nf3 Nf6 4. g3 Be7 5. Bg2 0-0 6. 0-0 c6 7. Nc3 Nbd7 8. b3 b6 9. Qc2 Ba6 10. e4 Rc8 11. Rd1 h6 12. h3 Bb4 13. e5 Nh7 14. Be3 Qc7 15. Rac1 Qb8 16. Ne2 c5 17. dxc5 Bxc5 18. Bxc5 Nxc5 19. Qb2 dxc4 20. bxc4 Ng5 21. Nxg5 hxg5 22. Rd6 Bb7 23. Qd4 Bxg2 24. Kxg2 Qb7+ 25. f3 Qa6 26. Rc2 Nb7 27. Rd7 Na5 28. h4 Nxc4 29. Kf2 gxh4 30. Qxh4 Nxe5 31. Rxc8 Nxd7 32. Rc1 Qxa2 33. g4 Ne5 34. Rh1 f6 35. f4 Nd3+ 36. Ke3 Nc5 37. Qh7+ Kf7 38. Qh5+ Ke7 39. Qg6 Qb3+ 40. Kf2 Qd3 41. Qxg7+ Rf7 42. Qh6 Ne4+ 0-1

[Event "Landesliga Nord 0809"]
[Site "Bayern"]
[Date "2009.01.18"]
[Round "5.3"]
[White "Cedikova, Katerina"]
[Black "Demburg, Dimitrij"]
[Result "0-1"]
[WhiteElo "2126"]
[BlackElo "2065"]
[PlyCount "76"]
[EventDate "2008.10.05"]
[EventType "team-tourn"]
[EventRounds "9"]
[EventCountry "GER"]
[SourceTitle "EXT 2020"]
[Source "ChessBase"]
[SourceDate "2019.10.17"]
[SourceVersion "1"]
[SourceVersionDate "2019.10.17"]
[SourceQuality "1"]
[WhiteTeam "Koetzting"]
[BlackTeam "Nuernberg NT II"]
[WhiteTeamCountry "GER"]
[BlackTeamCountry "GER"]

1. d4 f5 2. e4 fxe4 3. Nc3 Nf6 4. Bg5 Nc6 5. d5 Ne5 6. Qd4 Nf7 7. Bxf6 exf6 8. Nxe4 f5 9. Ng3 g6 10. Bc4 Bb4+ 11. c3 Qe7+ 12. Kf1 Bc5 13. Qg7 Qf8 14. Re1+ Kd8 15. Qf6+ Be7 16. Qd4 Nd6 17. Nf3 Bf6 18. Ne5 Qg7 19. f4 Nxc4 20. Qxc4 d6 21. Nf3 a5 22. Kf2 a4 23. Re3 h6 24. Rhe1 Bd7 25. Qb4 b6 26. Ne2 Ra5 27. Ned4 Bxd4 28. Nxd4 Rxd5 29. Ne6+ Bxe6 30. Rxe6 Qd7 31. Rxg6 Rb5 32. Qa3 Re8 33. Rxe8+ Qxe8 34. Rxh6 Qe4 35. g3 Rd5 36. Rh8+ Kd7 37. Rh7+ Kc6 38. c4 Rd2+ 0-1

[Event "Zdar nad Sazavou Vysocina op-A 5th"]
[Site "Zdar nad Sazavou"]
[Date "2008.09.27"]
[Round "8"]
[White "Blazkova, Petra"]
[Black "Cedikova, Katerina"]
[Result "1-0"]
[WhiteElo "2241"]
[BlackElo "2151"]
[PlyCount "109"]
[EventDate "2008.09.20"]
[EventType "swiss"]
[EventRounds "9"]
[EventCountry "CZE"]
[SourceTitle "CBM 126 Extra"]
[Source "ChessBase"]
[SourceDate "2008.11.05"]
[SourceVersion "1"]
[SourceVersionDate "2008.11.05"]
[SourceQuality "1"]

1. e4 g6 2. d4 d6 3. Nc3 Nf6 4. Bg5 Bg7 5. Nf3 h6 6. Bf4 0-0 7. Qd2 Kh7 8. h3 c5 9. dxc5 dxc5 10. Qxd8 Rxd8 11. Bc4 Nc6 12. 0-0 Be6 13. Bxe6 fxe6 14. Rad1 b6 15. Nb5 Ne8 16. c3 Kg8 17. Rfe1 Kf7 18. a4 e5 19. Bg3 Rxd1 20. Rxd1 Ke6 21. Nh4 g5 22. Nf5 Bf8 23. Ne3 a6 24. Na3 Rb8 25. f3 h5 26. Bf2 Bg7 27. Nd5 Bf6 28. g4 h4 29. Nc4 b5 30. Ncb6 c4 31. axb5 axb5 32. Ra1 Rb7 33. Ra6 Kd6 34. Nxf6 Nxf6 35. Nc8+ Kd7 36. Nxe7 Nxe7 37. Rxf6 b4 38. Rb6 Rxb6 39. Bxb6 bxc3 40. bxc3 Ke6 41. Kf2 Nc6 42. Ke2 Ne7 43. Kd2 Kd7 44. Be3 Kc6 45. Bxg5 Ng6 46. Kc2 Kb5 47. Kb2 Ka4 48. Ka2 Kb5 49. Ka3 Ka5 50. Bf6 Kb5 51. Bd8 Nf4 52. Bxh4 Nxh3 53. Bf6 Ng1 54. g5 Nxf3 55. g6 1-0

[Event "Ceska Trebova op 4th"]
[Site "Ceska Trebova"]
[Date "2008.08.09"]
[Round "2"]
[White "Cedikova, Katerina"]
[Black "Vojta, Tomas"]
[Result "0-1"]
[WhiteElo "2151"]
[BlackElo "2411"]
[PlyCount "92"]
[EventDate "2008.08.08"]
[EventType "swiss"]
[EventRounds "9"]
[EventCountry "CZE"]
[SourceTitle "CBM 125 Extra"]
[Source "ChessBase"]
[SourceDate "2008.09.01"]
[SourceVersion "1"]
[SourceVersionDate "2008.09.01"]
[SourceQuality "1"]

1. d4 d5 2. Nf3 Nf6 3. g3 Bf5 4. Bg2 e6 5. 0-0 h6 6. c4 c6 7. Nbd2 Nbd7 8. b3 Be7 9. Bb2 Ne4 10. Ne1 Ndf6 11. Nd3 0-0 12. f3 Nxd2 13. Qxd2 Bh7 14. Kh1 a5 15. Rac1 a4 16. c5 Qc7 17. b4 Rfd8 18. Rce1 Nd7 19. e4 Bf8 20. Qc3 b6 21. exd5 exd5 22. Bc1 bxc5 23. dxc5 a3 24. Bd2 d4 25. Qc4 Nf6 26. Ne5 Bf5 27. Bf4 Qb7 28. Bd2 Be6 29. Qc2 Bd5 30. Nd3 Qb5 31. Nf4 d3 32. Qb1 Bc4 33. Rc1 g5 34. Nh3 Re8 35. Rfe1 Re2 36. Rxe2 dxe2 37. Qf5 Bg7 38. Nf2 Bxa2 39. Bc3 Be6 40. Qb1 a2 41. Qa1 Qc4 42. Be5 Qxb4 43. Nd3 Qd2 44. Ne1 Ne8 45. Bxg7 Nxg7 46. Nc2 Bb3 0-1

[Event "Teplice op 3rd"]
[Site "Teplice"]
[Date "2008.06.20"]
[Round "7"]
[White "Cedikova, Katerina"]
[Black "Klement, Lukas"]
[Result "1/2-1/2"]
[WhiteElo "2171"]
[BlackElo "2022"]
[PlyCount "136"]
[EventDate "2008.06.14"]
[EventType "swiss"]
[EventRounds "9"]
[EventCountry "CZE"]
[SourceTitle "CBM 125 Extra"]
[Source "ChessBase"]
[SourceDate "2008.09.01"]
[SourceVersion "1"]
[SourceVersionDate "2008.09.01"]
[SourceQuality "1"]

1. d4 Nf6 2. c4 e6 3. Nc3 Bb4 4. e3 b6 5. Bd3 Bb7 6. f3 c5 7. a3 cxd4 8. axb4 dxc3 9. bxc3 d5 10. Ne2 0-0 11. 0-0 Nbd7 12. cxd5 exd5 13. Nd4 Re8 14. Bd2 Ne5 15. Bb5 Re7 16. Qe1 a6 17. Be2 Qd7 18. Qg3 Ne8 19. e4 dxe4 20. fxe4 Nd6 21. Nf5 Nxf5 22. exf5 f6 23. Rad1 Qc6 24. Bf4 Rae8 25. Bh5 Nf7 26. h3 a5 27. Kh2 Ba6 28. Bxf7+ Kxf7 29. Rd6 Qc4 30. Rfd1 axb4 31. cxb4 Qxb4 32. R6d4 Qb5 33. Rd5 Qe2 34. Rd7 Bc4 35. Qc3 b5 36. R7d2 Qe4 37. Bd6 Qe3 38. Qb4 Re4 39. Bg3 Qg5 40. Rd7+ Kg8 41. Qc5 Re3 42. Qc7 Re2 43. Rd8 Qxf5 44. R1d7 Qg6 45. Re7 R2xe7 46. Qxe7 Bf7 47. Bd6 Rxd8 48. Qxd8+ Be8 49. Bb4 Qf7 50. h4 Qd7 51. Qxd7 Bxd7 52. Kg3 Bc6 53. Kf2 Kf7 54. g3 Ke6 55. Ke3 Kd5 56. Bf8 g6 57. Be7 Ke6 58. Bb4 Kf5 59. Bc3 h6 60. Bb4 Kg4 61. Kf2 g5 62. hxg5 hxg5 63. Be7 Kf5 64. Ke3 Ke6 65. Bb4 f5 66. Bc3 Ba8 67. Kd4 Bg2 68. Bd2 Kf6 1/2-1/2